000 00777nas a2200253 4500
001 BR0904300
003 BR-BrBNA
005 20231205113257.0
007 ta
008 230509b bl.|||p| |||| 00| 00por d
040 _aBR-BrBNA
_bpor
_cBiblioteca Nacional de Agricultura
041 _a(Pt)
072 _aL74
100 1 _aOliveira, F.S.
100 1 _aCanola, J.C.
245 1 _aErupção dental em pacas (Agouti paca)criadas em cativeiro
650 _aPACA
650 _aCRIAÇÃO EM CATIVEIRO
650 _aDENTE
650 _aDISTÚRBIO FISIOLÓGICO
773 0 _tArquivo Brasileiro de Medicina Veterinária e Zootecnia (Brazil)
_xISSN 0102-0935
_g(Apr 2007), v. 59(2) p. 390-394
_wBR0904300
909 _a202311
_bLúcia
_c55
_dLúcia Elande
942 _2AGRIS
_n0
_cANA
999 _c202859
_d202859